000
00302nam a2200121Ia 4500
008
241028s9999 xx 000 0 und d
041
_a
eng
082
_a
658.8340 SAU
100
_a
Sauro
245
_a
Customer Analytics For Dummies
260
_b
Wiley India
_a
New Delhi
_c
2015
300
_a
324;. P. 23 cm
999
_c
43039
_d
43039